[Event "Wch U12 rapid"]
[Site "Minsk"]
[Date "2018.06.22"]
[Round "2"]
[White "Safin, Robert"]
[Black "Solozhenkin, Sevastyan"]
[Result "1-0"]
[WhiteElo "2024"]
[BlackElo "1621"]
[PlyCount "92"]
[EventDate "2018.06.22"]
[EventType "swiss (rapid)"]
[EventRounds "9"]
[EventCountry "BLR"]
[SourceTitle "EXT 2019"]
[Source "ChessBase"]
[SourceDate "2018.10.10"]
[SourceVersion "1"]
[SourceVersionDate "2018.10.10"]
[SourceQuality "1"]

1. d4 d5 2. Nf3 Bf5 3. g3 Nf6 4. Bg2 e6 5. c4 dxc4 6. Qa4+ c6 7. Qxc4 Nbd7 8. Qb3 Nb6 9. Nc3 Be7 10. 0-0 0-0 11. Re1 Qc7 12. e4 Bg6 13. Bf4 Qd8 14. Rad1 Nh5 15. Be3 Bd6 16. Ne5 Qc7 17. Nxg6 hxg6 18. e5 Be7 19. g4 Rad8 20. gxh5 gxh5 21. Na4 Nd5 22. Nc3 f5 23. Nxd5 exd5 24. f4 g5 25. Rc1 Qd7 26. Bd2 gxf4 27. Bb4 Bxb4 28. Qxb4 Qg7 29. Qc3 Kh7 30. Kf2 Qg5 31. Qh3 Rg8 32. Bf3 h4 33. Rg1 Qe7 34. Qxf5+ Kh8 35. Qh5+ Qh7 36. Qxh7+ Kxh7 37. Rxg8 Rxg8 38. Rg1 Rxg1 39. Kxg1 Kg6 40. Bg4 b5 41. b4 Kg5 42. h3 Kg6 43. Kf2 Kf7 44. Kf3 Ke7 45. Kxf4 Kd8 46. Kg5 Kc7 1-0